U2 - Every Breaking Wave - Statistics

General Stats
  • This quiz has been taken 62 times
  • The average score is 231 of 295
Answer Stats
Answer % Correct
breaking
100%
Every
100%
every
100%
I
100%
on
100%
the
100%
The
100%
wave
100%
a
97%
shore
97%
an
93%
And
93%
and
93%
be
93%
Is
93%
is
93%
more
93%
that
93%
there
93%
you
93%
You
93%
your
93%
know
90%
knows
90%
Knows
90%
one
90%
to
90%
To
90%
what
90%
for
87%
gambler
87%
it
87%
lose
87%
next
87%
really
87%
there'll
87%
way
87%
go
83%
so
83%
you're
83%
If
80%
in
80%
mine
80%
Tells
80%
we
80%
We
80%
Are
77%
are
77%
sea
77%
with
77%
helpless
73%
against
70%
no
70%
soul
70%
where
70%
enemy
67%
friend
67%
live
67%
love
67%
street
67%
Summer
67%
win
67%
without
67%
dog
63%
fear
63%
intimacy
63%
it's
63%
made
63%
our
63%
sailor
63%
shipwrecked
63%
thought
63%
tide
63%
was
63%
Baby
60%
captain's
60%
chasing
60%
defeat
60%
feet
60%
heard
60%
phone
60%
ready
60%
sin
60%
swept
60%
voice
60%
we're
60%
answer
57%
as
57%
could
57%
fearless
57%
off
57%
preach
57%
speak
57%
stop
57%
alone
53%
breeze
53%
hard
53%
leaf
53%
listen
53%
my
53%
Now
53%
while
53%
been
50%
But
50%
far
50%
has
50%
heart
50%
leave
50%
Like
50%
place
50%
reach
50%
rocks
50%
same
50%
This
50%
Winter
50%
wouldn't
50%
before
47%
Before
47%
begin
47%
drowning
47%
yours
47%
broken
43%
into
43%
falling
40%
end
37%
No matching quizzes found
Score Distribution
Percent of People with Each Score
Percentile by Number Answered
Your Score History
You have not taken this quiz